<?xml version="1.0" encoding="UTF-8"?>
<record
    xmlns:xsi="http://www.w3.org/2001/XMLSchema-instance"
    xsi:schemaLocation="http://www.loc.gov/MARC21/slim http://www.loc.gov/standards/marcxml/schema/MARC21slim.xsd"
    xmlns="http://www.loc.gov/MARC21/slim">

  <leader>01120cam a2200241 a 4500</leader>
  <controlfield tag="001">sa 64003089 </controlfield>
  <controlfield tag="003">DLC</controlfield>
  <controlfield tag="005">20260227112014.0</controlfield>
  <controlfield tag="008">860318m19001985ii a          00010 beno </controlfield>
  <datafield tag="010" ind1=" " ind2=" ">
    <subfield code="a">sa 64003089 </subfield>
  </datafield>
  <datafield tag="040" ind1=" " ind2=" ">
    <subfield code="a">DLC</subfield>
    <subfield code="c">DLC</subfield>
    <subfield code="d">DLC</subfield>
  </datafield>
  <datafield tag="043" ind1=" " ind2=" ">
    <subfield code="a">a-ii---</subfield>
  </datafield>
  <datafield tag="050" ind1="0" ind2="0">
    <subfield code="a">PK1701</subfield>
    <subfield code="b">.B26</subfield>
  </datafield>
  <datafield tag="100" ind1="1" ind2="0">
    <subfield code="a">Bandyop&#x101;dhy&#x101;&#x1E8F;a, Asitakum&#x101;ra,</subfield>
    <subfield code="d">1920-</subfield>
  </datafield>
  <datafield tag="245" ind1="1" ind2="0">
    <subfield code="a">B&#x101;&#x1E43;l&#x101; s&#x101;hityera itibr&#x325;tta /</subfield>
    <subfield code="c">Asitakum&#x101;ra Bandyop&#x101;dhy&#x101;&#x1E8F;a.</subfield>
  </datafield>
  <datafield tag="250" ind1=" " ind2=" ">
    <subfield code="a">2. sa&#x1E43;skara&#x1E47;a.</subfield>
  </datafield>
  <datafield tag="260" ind1="0" ind2=" ">
    <subfield code="a">Kalik&#x101;t&#x101; :</subfield>
    <subfield code="b">Ma&#x1E0D;&#x101;r&#x1E47;a Buka Ejens&#x12B;,</subfield>
    <subfield code="c">1962-&lt;1985   &gt;</subfield>
  </datafield>
  <datafield tag="300" ind1=" " ind2=" ">
    <subfield code="a">v. &lt;1-5&gt; :</subfield>
    <subfield code="b">ill. ;</subfield>
    <subfield code="c">23 cm.</subfield>
  </datafield>
  <datafield tag="500" ind1=" " ind2=" ">
    <subfield code="a">In Bengali.</subfield>
  </datafield>
  <datafield tag="500" ind1=" " ind2=" ">
    <subfield code="a">Vol. 3, pt. 1: Parim&#x101;rjita 2. sa&#x1E43;skara&#x1E47;a, pt. 2: Punarbinyasta 2. sa&#x1E43;skara&#x1E47;a;   v. 5: 1. sa&#x1E43;skara&#x1E47;a.</subfield>
  </datafield>
  <datafield tag="505" ind1="1" ind2=" ">
    <subfield code="a">v. 1. Khri&#x1E25;. 10ma-12&#x15B;a &#x15B;at&#x101;bd&#x12B; -- v. 2. Caitanyayuga, Khr&#x12B;sh&#x1E6D;&#x12B;&#x1E8F;a 1493-1605 -- v. 3., pt. 1. Saptada&#x15B;a &#x15B;at&#x101;bd&#x12B;. pt. 2. Ash&#x1E6D;&#x101;da&#x15B;a &#x15B;at&#x101;bd&#x12B;ra pratham&#x101;rdha -- v. 4. Kabig&#x101;na-&#x101;kha&#x1E5B;&#x101;i-h&#x101;pha &#x101;kha&#x1E5B;&#x101;i-&#x1E6D;app&#x101;-y&#x101;tr&#x101;-p&#x101;n&#x310;c&#x101;l&#x12B; -- 5: Doma &#x100;ntonio, Phor&#x1E6D;a Uili&#x1E8F;&#x101;ma Kaleja.</subfield>
  </datafield>
  <datafield tag="650" ind1=" " ind2="0">
    <subfield code="a">Bengali literature</subfield>
    <subfield code="x">History and criticism.</subfield>
  </datafield>
  <datafield tag="999" ind1=" " ind2=" ">
    <subfield code="c">57701</subfield>
    <subfield code="d">57701</subfield>
  </datafield>
</record>
